[Event "GER-ch52 final email"]
[Site "GER email"]
[Date "2022.04.15"]
[Round "?"]
[White "Bissmann, Stefan"]
[Black "Egner, Michael"]
[Result "1/2-1/2"]
[WhiteElo "2384"]
[BlackElo "2334"]
[PlyCount "83"]
[EventDate "2022.??.??"]
[EventType "tourn (corr)"]
[EventRounds "14"]
[EventCountry "GER"]
[SourceTitle "Corr 2024"]
[Source "ChessBase"]
[SourceDate "2023.10.19"]
[SourceVersion "1"]
[SourceVersionDate "2023.10.19"]
[SourceQuality "1"]

1. c4 c5 2. Nf3 Nf6 3. d4 cxd4 4. Nxd4 e5 5. Nb5 d5 6. cxd5 Bc5 7. N5c3 0-0 8. e3 e4 9. Be2 Qe7 10. a3 Rd8 11. b4 Bd6 12. Bb2 a5 13. Nd2 axb4 14. axb4 Rxa1 15. Qxa1 Bxb4 16. 0-0 Na6 17. Rc1 Bf5 18. Nc4 Nc5 19. Ba3 Bxa3 20. Qxa3 Nxd5 21. Nxd5 Rxd5 22. Nb6 Re5 23. Rd1 h6 24. Nc4 Na6 25. Qb2 Re6 26. Qb5 Rf6 27. h3 Be6 28. Nd6 Bxh3 29. Nxe4 Rc6 30. Ng3 Bc8 31. Bf3 Rc7 32. Ne2 Bd7 33. Qa5 Bc6 34. Bxc6 Rxc6 35. Rd8+ Kh7 36. Qf5+ g6 37. Rd7 Rc7 38. Rxe7 gxf5 39. Re5 Rc5 40. Re7 Rc7 41. Re5 Rc5 42. Re7 1/2-1/2

[Event "GER-ch52 final email"]
[Site "GER email"]
[Date "2022.04.15"]
[Round "?"]
[White "Bissmann, Stefan"]
[Black "Ketelhoehn, Bernd"]
[Result "1/2-1/2"]
[WhiteElo "2384"]
[BlackElo "2370"]
[PlyCount "67"]
[EventDate "2022.??.??"]
[EventType "tourn (corr)"]
[EventRounds "14"]
[EventCountry "GER"]
[SourceTitle "Corr 2024"]
[Source "ChessBase"]
[SourceDate "2023.10.19"]
[SourceVersion "1"]
[SourceVersionDate "2023.10.19"]
[SourceQuality "1"]

1. e4 c6 2. d4 d5 3. Nc3 dxe4 4. Nxe4 Nd7 5. Bd3 Ngf6 6. Ng5 e6 7. N1f3 Bd6 8. Qe2 h6 9. Ne4 Nxe4 10. Qxe4 Nf6 11. Qe2 Qc7 12. Bd2 b6 13. Ne5 c5 14. Bb5+ Kf8 15. Bf4 cxd4 16. Rd1 Qc5 17. 0-0 Bb7 18. Bc4 Bd5 19. Bxd5 exd5 20. Rfe1 Rd8 21. Qd3 Kg8 22. g3 Qc7 23. Qxd4 Kh7 24. Qd3+ g6 25. Qd4 Rhe8 26. Nd3 Rxe1+ 27. Rxe1 Nh5 28. Be5 Bxe5 29. Qxe5 Rd7 30. Qxc7 Rxc7 31. c3 Kg7 32. Rd1 Nf6 33. Nb4 Rc5 34. f3 1/2-1/2

[Event "GER-ch52 final email"]
[Site "GER email"]
[Date "2022.04.15"]
[Round "?"]
[White "Krauss, Heiko"]
[Black "Bissmann, Stefan"]
[Result "1/2-1/2"]
[WhiteElo "2419"]
[BlackElo "2384"]
[PlyCount "85"]
[EventDate "2022.??.??"]
[EventType "tourn (corr)"]
[EventRounds "14"]
[EventCountry "GER"]
[SourceTitle "Corr 2024"]
[Source "ChessBase"]
[SourceDate "2023.10.19"]
[SourceVersion "1"]
[SourceVersionDate "2023.10.19"]
[SourceQuality "1"]

1. d4 Nf6 2. c4 g6 3. Nc3 d5 4. cxd5 Nxd5 5. e4 Nxc3 6. bxc3 Bg7 7. Nf3 c5 8. Rb1 0-0 9. Be2 cxd4 10. cxd4 Qa5+ 11. Bd2 Qxa2 12. 0-0 Bg4 13. Be3 Nc6 14. d5 Ne5 15. Rxb7 a5 16. Rxe7 a4 17. Re1 Nxf3+ 18. gxf3 Bh3 19. e5 a3 20. d6 Be6 21. f4 Qb2 22. Bf3 a2 23. Bxa8 Rxa8 24. d7 Bf8 25. Rxe6 fxe6 26. d8Q Rxd8 27. Qxd8 a1Q 28. Rxa1 Qxa1+ 29. Kg2 Qa3 30. h4 Qb4 31. Kg3 Qe7 32. Qd1 Qb7 33. Qa4 Qc7 34. Qe8 Qe7 35. Qc8 h5 36. Bc5 Qxc5 37. Qxe6+ Kh7 38. f5 gxf5 39. Qxf5+ Kg7 40. Qxh5 Qc3+ 41. Kg2 Qc6+ 42. f3 Be7 43. Qg4+ 1/2-1/2

[Event "GER-ch52 final email"]
[Site "GER email"]
[Date "2022.04.15"]
[Round "?"]
[White "Zielinski, Sergej"]
[Black "Bissmann, Stefan"]
[Result "1/2-1/2"]
[WhiteElo "2365"]
[BlackElo "2384"]
[PlyCount "75"]
[EventDate "2022.??.??"]
[EventType "tourn (corr)"]
[EventRounds "14"]
[EventCountry "GER"]
[SourceTitle "Corr 2024"]
[Source "ChessBase"]
[SourceDate "2023.10.19"]
[SourceVersion "1"]
[SourceVersionDate "2023.10.19"]
[SourceQuality "1"]

1. c4 e5 2. Nc3 Nf6 3. Nf3 Nc6 4. g3 d5 5. cxd5 Nxd5 6. Bg2 Nb6 7. 0-0 Be7 8. a3 0-0 9. b4 Be6 10. Rb1 f6 11. b5 Nd4 12. e3 Nxf3+ 13. Bxf3 Qc8 14. d4 Rd8 15. a4 a5 16. bxa6 Rxa6 17. Be4 exd4 18. exd4 f5 19. Bd3 Rxd4 20. Ne2 Rdxa4 21. Bxa6 Rxa6 22. Nf4 Bf7 23. Re1 Bf8 24. Rb3 c5 25. Rd3 Ra8 26. Rb3 Qc6 27. Rd3 h6 28. h4 Nc4 29. h5 Nd6 30. Ne6 Re8 31. Nxf8 Bxh5 32. Rxe8 Bxd1 33. Re6 Qa4 34. Rexd6 Bc2 35. Ra3 Qb4 36. Ng6 Qe1+ 37. Kg2 Be4+ 38. f3 1/2-1/2

[Event "GER-ch52 V09 email"]
[Site "GER email"]
[Date "2020.04.16"]
[Round "?"]
[White "Bach, Werner"]
[Black "Bissmann, Stefan"]
[Result "1/2-1/2"]
[WhiteElo "2302"]
[BlackElo "2373"]
[PlyCount "66"]
[EventDate "2020.??.??"]
[EventType "tourn (corr)"]
[EventRounds "10"]
[EventCountry "GER"]
[SourceTitle "Corr 2022"]
[Source "ChessBase"]
[SourceDate "2021.10.24"]
[SourceVersion "1"]
[SourceVersionDate "2021.10.24"]
[SourceQuality "1"]

1. e4 c6 2. d4 d5 3. exd5 cxd5 4. c4 Nf6 5. Nc3 Nc6 6. Nf3 Be6 7. Bg5 g6 8. Bxf6 exf6 9. Be2 Bg7 10. 0-0 0-0 11. Qd2 dxc4 12. d5 Ne5 13. Nxe5 fxe5 14. Bxc4 f5 15. Rad1 Bf7 16. b3 Qd7 17. d6 Qc6 18. Nb5 Bxc4 19. bxc4 Qxc4 20. a4 Rad8 21. Nxa7 e4 22. Nb5 Rf7 23. Rc1 Qe6 24. Rfd1 Rfd7 25. Rc7 Qb3 26. Rxd7 Rxd7 27. Rc1 Kf7 28. h4 Bf6 29. h5 e3 30. Qxe3 Qxe3 31. hxg6+ hxg6 32. fxe3 Be5 33. Kf2 Bxd6 1/2-1/2

[Event "GER-ch52 V09 email"]
[Site "GER email"]
[Date "2020.04.16"]
[Round "?"]
[White "Bissmann, Stefan"]
[Black "Richter, Wolfgang"]
[Result "1-0"]
[WhiteElo "2373"]
[BlackElo "2225"]
[PlyCount "123"]
[EventDate "2020.??.??"]
[EventType "tourn (corr)"]
[EventRounds "10"]
[EventCountry "GER"]
[SourceTitle "Corr 2022"]
[Source "ChessBase"]
[SourceDate "2021.10.24"]
[SourceVersion "1"]
[SourceVersionDate "2021.10.24"]
[SourceQuality "1"]

1. e4 e5 2. Nf3 Nc6 3. Bc4 Nf6 4. d3 Bc5 5. c3 d6 6. 0-0 h6 7. Re1 0-0 8. h3 a5 9. Nbd2 Be6 10. Bb5 Qb8 11. Nf1 Qa7 12. Be3 Bxe3 13. Nxe3 Ne7 14. a4 Ng6 15. d4 c6 16. Bd3 Rad8 17. Bc2 Qb6 18. b3 exd4 19. Nxd4 Qc5 20. Qd2 Qg5 21. Nf3 Qf4 22. Nf1 Nh5 23. Qxf4 Nhxf4 24. Nd4 c5 25. Nxe6 fxe6 26. Ne3 h5 27. Rad1 Kf7 28. g3 Nxh3+ 29. Kg2 Ke7 30. Kxh3 Rxf2 31. Rf1 Re2 32. Rde1 Rd2 33. Bd1 Rd3 34. Nc4 Rxc3 35. Bxh5 Rh8 36. Kg4 Rh6 37. Re3 Ne5+ 38. Kg5 Rxe3 39. Nxe3 Rh8 40. Ng4 g6 41. Bxg6 Nxg6 42. Kxg6 Rg8+ 43. Kh5 b5 44. axb5 Rb8 45. Nh6 Rxb5 46. Rf7+ Kd8 47. e5 c4 48. bxc4 Rxe5+ 49. Kg6 d5 50. Kf6 Re3 51. cxd5 exd5 52. g4 d4 53. Nf5 Re2 54. Nxd4 Rd2 55. Ne6+ Kc8 56. g5 Rf2+ 57. Ke7 Rg2 58. Kd6 Kb8 59. Nd4 Rd2 60. Kc5 a4 61. g6 Rg2 62. g7 1-0

[Event "GER-ch52 V09 email"]
[Site "GER email"]
[Date "2020.04.16"]
[Round "?"]
[White "Vogel, Detlef"]
[Black "Bissmann, Stefan"]
[Result "0-1"]
[WhiteElo "2327"]
[BlackElo "2373"]
[PlyCount "66"]
[EventDate "2020.??.??"]
[EventType "tourn (corr)"]
[EventRounds "10"]
[EventCountry "GER"]
[SourceTitle "Corr 2022"]
[Source "ChessBase"]
[SourceDate "2021.10.24"]
[SourceVersion "1"]
[SourceVersionDate "2021.10.24"]
[SourceQuality "1"]

1. e4 c6 2. d4 d5 3. Nf3 dxe4 4. Ne5 Nd7 5. Nc3 Nxe5 6. dxe5 Qxd1+ 7. Nxd1 g6 8. Nc3 Bf5 9. Bf4 0-0-0 10. Bc4 e6 11. h3 h5 12. 0-0 Bh6 13. Bxh6 Nxh6 14. Rfe1 e3 15. fxe3 Bxc2 16. Rac1 Bd3 17. Bb3 Nf5 18. e4 Nd4 19. Re3 Nxb3 20. axb3 Rd7 21. Kf2 Rhd8 22. Rf3 a5 23. Ke3 g5 24. Na4 Rd4 25. Rxf7 Bxe4 26. Rc4 Rd1 27. Nc3 Bg6 28. Rg7 R8d3+ 29. Kf2 R1d2+ 30. Kg1 Bf5 31. Rxg5 Kb8 32. Rg8+ Ka7 33. Ra4 Rxb2 0-1

[Event "GER CM04-A email"]
[Site "GER email"]
[Date "2017.06.26"]
[Round "?"]
[White "Bissmann, Stefan"]
[Black "Betker, Joerg"]
[Result "1/2-1/2"]
[WhiteElo "2394"]
[BlackElo "2438"]
[PlyCount "84"]
[EventDate "2017.??.??"]
[EventType "tourn (corr)"]
[EventRounds "10"]
[EventCountry "GER"]
[SourceTitle "Corr 2020"]
[Source "ChessBase"]
[SourceDate "2019.09.30"]
[SourceVersion "1"]
[SourceVersionDate "2019.09.30"]
[SourceQuality "1"]

1. e4 c5 2. Nf3 Nc6 3. d4 cxd4 4. Nxd4 Nf6 5. Nc3 e5 6. Ndb5 d6 7. Nd5 Nxd5 8. exd5 Nb8 9. Qf3 a6 10. Qa3 Be7 11. c4 0-0 12. Be2 f5 13. 0-0 f4 14. Bd2 Bf5 15. Rfe1 b6 16. Rac1 Rf6 17. Nc3 a5 18. Bf3 Na6 19. Be4 Bd7 20. Bf3 Nc5 21. Ne4 Rf7 22. Nxc5 bxc5 23. Be4 Bf5 24. Qd3 Bxe4 25. Qxe4 Bg5 26. Rc3 a4 27. Rh3 g6 28. Qc2 Rfa7 29. Ra3 Qc8 30. Qe4 Kg7 31. Rb1 h5 32. Kf1 Qd7 33. Ke2 Qg4+ 34. Kd3 Kf6 35. Re1 Rb7 36. Bc3 Kf7 37. Re2 Bd8 38. Kc2 Qf5 39. Kd3 Bf6 40. f3 h4 41. h3 Qd7 42. Kc2 Rba7 1/2-1/2